| Tag |
First Indicator |
Second Indicator |
Subfields |
| LEADER |
00000cam a2200000 a 4500 |
| 001 |
in00001344513 |
| 005 |
20151005092902.0 |
| 008 |
961028s1996 caua b 000 0 eng |
| 010 |
|
|
|a 96039447
|
| 020 |
|
|
|a 0833024655 (alk. paper)
|
| 035 |
|
|
|a (OCoLC)35848959
|
| 035 |
|
|
|9 AHE5272AM
|
| 040 |
|
|
|a DLC
|c DLC
|d TXA
|d UtOrBLW
|
| 049 |
|
|
|a TXAM
|
| 050 |
0 |
0 |
|a U104
|b .H527 1996
|
| 082 |
0 |
0 |
|a 355.4/8
|2 21
|
| 088 |
|
|
|a MR-388-AF/A
|
| 100 |
1 |
|
|a Hillestad, R. J.
|q (Richard John),
|d 1942-
|
| 245 |
1 |
4 |
|a The theater-level campaign model :
|b a research prototype for a new generation of combat analysis models /
|c Richard J. Hillestad, Louis Moore.
|
| 264 |
|
1 |
|a Santa Monica, Calif. :
|b Rand,
|c [1996]
|
| 264 |
|
4 |
|c ©1996
|
| 300 |
|
|
|a xxii, 179 pages :
|b illustrations ;
|c 28 cm.
|
| 336 |
|
|
|a text
|b txt
|2 rdacontent
|
| 337 |
|
|
|a unmediated
|b n
|2 rdamedia
|
| 338 |
|
|
|a volume
|b nc
|2 rdacarrier
|
| 500 |
|
|
|a "Prepared for the United States Air Force and the United States Army."
|
| 500 |
|
|
|a "Project Air Force [and] Arroyo Center."
|
| 504 |
|
|
|a Includes bibliographical references (pages 175-179).
|
| 650 |
|
0 |
|a Combat
|x Computer simulation.
|
| 700 |
1 |
|
|a Moore, Louis,
|d 1948-
|
| 710 |
1 |
|
|a United States.
|b Air Force.
|
| 710 |
1 |
|
|a United States.
|b Army.
|
| 999 |
|
|
|a MARS
|
| 999 |
f |
f |
|s 575a17f0-3a49-3b99-951d-a56555b37e43
|i ab378d40-62da-3b22-84d3-10480655795d
|t 0
|
| 952 |
f |
f |
|p ric
|a Texas A&M University
|b Rellis Campus
|c Joint Library Facility
|d Remote Storage
|t 0
|e U104 .H527 1996
|h Library of Congress classification
|i unmediated -- volume
|m A14820750779
|
| 998 |
f |
f |
|a U104 .H527 1996
|t 0
|l Remote Storage
|